00967nam a2200289 i 4500001001000000003000900010005001700019007000300036008004100039020001500080040003000095082002400125100003500149245005800184264003600242300002700278336002800305337003400333338003100367590002500398650002400423650002600447910003700473942001400510952013600524999001700660000047499DO-SdBNP20231206112452.0ta180608s1999 dr 000 spa d a976817515X aDO-SdBNPbspacBNPHUerda 4aRD861.44bN714a2221 aNina, Diógenes975125eautor10aAuxeia y once poemas icásticos. /cDiógenes Nina. aSanto Domingo :bCocolo,c1999. a67 páginas ;c21 cm. 2rdacontent atextobtxt 2rdamediaasin mediación bn 2rdacarrier avolumen bnc aInventariado,2018/DG 4aPoesía dominicana 4aLiteratura dominicana aValidado. Control de calidad MFF 2ddccLBS1 00102ddc51708PDaBNPHUbBNPHUcHDd2018-06-08l0oBNPHU PD RD861.44 N714ap47499-10r2020-06-25w2020-06-25yLBS1ZNo se presta c46987d46987